| 000 | 00574nam a2200181Ia 4500 | ||
|---|---|---|---|
| 008 | 210719s2018 xx 000 0 und d | ||
| 020 | _a978-93-5277-777-8 | ||
| 041 | _aeng | ||
| 082 | _a347.54 SHOA | ||
| 100 | _aSHOURIE (Arun) | ||
| 245 | _aAnita gets bail:what are our courts doing?what should we do about them? | ||
| 260 |
_aUttar Pradesh _bHarper & Collins Publishers _c2018 |
||
| 300 |
_a277 _bHB |
||
| 365 |
_b699 _cRs |
||
| 650 | _aLaw | ||
| 650 | _aLaw | ||
| 906 | _aabout ; Anita ; are ; bail:what ; courts ; do ; doing?what ; gets ; our ; should ; them? ; we | ||
| 999 |
_c211810 _d211810 |
||